000 00570nam a2200193 i 4500
001 79622
003 ES-MaACL
005 20250721145129.0
007 t|
008 041022s1968 sp ||||1| spa d
100 1 _aHernández Yzal, Santiago.
_963079
245 1 0 _aMeteorología y Oceonografía /
_cSantiago Hernández Yzal.
260 _aBarcelona :
_bCadi,
_c[1968]
300 _a781 p., 11 lám. :
_bil. ;
_c24 cm.
650 0 7 _aMeteorología
_2embne
_915017
650 0 4 _aOceanografía.
_915678
852 _aES-MaACL
_jG-5450
_bR.65779
999 _c79622
_d79622